| 000 | 00431nam a22001697a 4500 | ||
|---|---|---|---|
| 003 | NUST - PNEC | ||
| 005 | 20170116181102.0 | ||
| 008 | 150901b xxu||||| |||| 00| 0 eng d | ||
| 020 | _a0713132876 | ||
| 040 | _cLIBRARY | ||
| 082 | _a621.75 CHA | ||
| 100 |
_96220 _aChapman, W.A.J. |
||
| 245 |
_aWorkshop technology : Part I _cW.A.J. Chapman |
||
| 260 | _cc.1972 | ||
| 650 |
_96223 _aMachine-shop practice _xME |
||
| 942 |
_2ddc _cBK |
||
| 999 |
_c68783 _d68783 |
||